El triunfo de la memoria /

Збережено в:
Бібліографічні деталі
Автор: Posas, Abril (autor)
Формат: Книга
Мова:Іспанська
Опубліковано: Guadalajara, México : Paraíso Perdido, 2017, c2017
Серія:(Taller del Amanuense ; 20)
Предмети:
Теги: Додати тег
Немає тегів, Будьте першим, хто поставить тег для цього запису!

MARC

LEADER 00000nam^a2200000^a^4500
001 000399553
005 20250521000000.0
009 20260310121555.841
020 |a 978-607-8512-07-2 
037 |a Acervo ITESO - Biblioteca 
041 |a ESP 
082 |a 863.  |b POS 
100 |a Posas, Abril  |e (autor) 
245 1 3 |a El triunfo de la memoria /  |c A. Posas. 
264 4 |a Guadalajara, México :  |b Paraíso Perdido,  |c 2017, c2017 
300 |a 122 p. 
336 |a texto  |b txt  |2 rdacontenido 
337 |a sin mediación  |b n  |2 rdamedio 
338 |a volumen  |b nc  |2 rdasoporte 
440 1 |a (Taller del Amanuense ;  |v 20) 
521 |a FIL 2017 EEnlace Centro de Promoción Cultural 
649 |a XX 
650 |a Cuentos Jaliscienses 
650 |a Cuentos Mexicanos 
650 |a Literatura de Mujeres -  |z Jalisco 
650 |a Literatura de Mujeres -  |z México 
650 |a Literatura Jalisciense -  |y Siglo XXI 
650 |a Literatura Mexicana -  |y Siglo XXI 
910 |a Fondo General 
920 |a Impresos - Libros 
930 |a Colección General 
940 |a Literatura 
905 |a 101 
901 |a 0500294757  |b IT1  |c LIT  |i c158197  |u 20250521 
902 |a https://opac.biblio.iteso.mx/vufind/Record/000399553